ARRUPE JESUIT UNIVERSITY

CORONAVIRUS -STOP THE SPREAD - CLEAN,DISINFECT,COVER

The temple of my familiar (Record no. 131641)

MARC details
000 -LEADER
fixed length control field 00406nam a22001337a 4500
008 - FIXED-LENGTH DATA ELEMENTS--GENERAL INFORMATION
fixed length control field 230228b |||||||| |||| 00| 0 eng d
020 ## - INTERNATIONAL STANDARD BOOK NUMBER
International Standard Book Number 0140124152.
050 ## - LIBRARY OF CONGRESS CALL NUMBER
Classification number PS3573.A425 1980
100 ## - MAIN ENTRY--PERSONAL NAME
Personal name Walker, Alice
9 (RLIN) 37276
245 ## - TITLE STATEMENT
Title The temple of my familiar
Statement of responsibility, etc Alice, Walker
260 ## - PUBLICATION, DISTRIBUTION, ETC. (IMPRINT)
Place of publication, distribution, etc London:
Name of publisher, distributor, etc Penguin books in association with women's press,
Date of publication, distribution, etc 1980
300 ## - PHYSICAL DESCRIPTION
Extent 257p.;
Dimensions 18cm.
942 ## - ADDED ENTRY ELEMENTS (KOHA)
Source of classification or shelving scheme Library of Congress Classification
Item type Monograph ( Printed materials)
Holdings
Withdrawn status Lost status Source of classification or shelving scheme Damaged status Not for loan Home library Current library Shelving location Date acquired Total Checkouts Full call number Barcode Date last seen Price effective from Koha item type
    Library of Congress Classification     ARRUPE LIBRARY ARRUPE LIBRARY Main Collection 28/02/2023   PS3573.A425 1980 46700000239 28/02/2023 28/02/2023 Monograph ( Printed materials)

 

Arrupe Library. PO Box MP320 Mt Pleasant, Harare, Zimbabwe
263 242 745411|librarian@aju.ac.zw